000 00560cam a2200217 4500
008 090401t1994 xxu||||| |||| 00| 0 eng d
020 _a0861089324
035 _a(Sirsi) u61783
041 _aeng
050 _a338.272025
110 _aColliery Guardian
_968
245 _aGuide to the coalfields 1994.
260 _aRedhill, Surrey
_bFMJ International Publications Ltd.
_c1994
300 _a108p. ; 30cm.
350 _a88.6
650 _aCOAL MINING
650 _aDIRECTORIES
690 _aMINING AND MINERALS
942 _n0
948 _c04/03/1997
999 _c94350
_d94350